| 000 | 00617nam a22001937a 4500 | ||
|---|---|---|---|
| 999 |
_c13306 _d13306 |
||
| 003 | AR-CdUCM | ||
| 008 | 190411b ||||| |||| 00| 0 spa d | ||
| 040 |
_aMUNICIPALIDAD PROVINCIAL DEL CUSCO _cBIBLIOTECA MUNICIPAL DEL CUSCO |
||
| 082 |
_aC / 657 / _bA21 |
||
| 100 |
_aAchahuanco Segovia, Luis _931655 |
||
| 245 |
_aDiccionario elemental de contabilidad : _babreviaturas y siglas / |
||
| 260 | _aCusco. | ||
| 300 |
_a104 paginas ; _c21 cm. |
||
| 505 | _aConteido : Diccionario de contabilidad | ||
| 650 |
_aAbreviaturas _913388 |
||
| 650 |
_aSiglas _931656 |
||
| 942 |
_2ddc _cLIBROS |
||
| 945 |
_awnts _d2019-04-11 |
||